How to respond to ... the Latter Day Saints / (Record no. 3711)
[ view plain ]
| 000 -LEADER | |
|---|---|
| fixed length control field | 00884cam a2200289 i 4500 |
| 001 - CONTROL NUMBER | |
| control field | 830996 |
| 003 - CONTROL NUMBER IDENTIFIER | |
| control field | OSt |
| 005 - DATE AND TIME OF LATEST TRANSACTION | |
| control field | 20181121112054.0 |
| 008 - FIXED-LENGTH DATA ELEMENTS--GENERAL INFORMATION | |
| fixed length control field | 770705s1977 mou b 000 0 eng |
| 010 ## - LIBRARY OF CONGRESS CONTROL NUMBER | |
| LC control number | 77010155 |
| 020 ## - INTERNATIONAL STANDARD BOOK NUMBER | |
| International Standard Book Number | 0570076803 : |
| Terms of availability | $1.25 |
| 040 ## - CATALOGING SOURCE | |
| Original cataloging agency | DLC |
| Transcribing agency | DLC |
| Modifying agency | DLC |
| 043 ## - GEOGRAPHIC AREA CODE | |
| Geographic area code | n-us--- |
| 050 00 - LIBRARY OF CONGRESS CALL NUMBER | |
| Classification number | BX8645 |
| Item number | .K28 |
| 082 00 - DEWEY DECIMAL CLASSIFICATION NUMBER | |
| Classification number | 230.93 |
| Item number | K13H |
| 100 1# - MAIN ENTRY--PERSONAL NAME | |
| Personal name | Kaiser, Edgar P. |
| 245 10 - TITLE STATEMENT | |
| Title | How to respond to ... the Latter Day Saints / |
| Statement of responsibility, etc. | Edgar P. Kaiser. |
| 260 ## - PUBLICATION, DISTRIBUTION, ETC. | |
| Place of publication, distribution, etc. | St. Louis : |
| Name of publisher, distributor, etc. | Concordia Pub. House, |
| Date of publication, distribution, etc. | c1977. |
| 300 ## - PHYSICAL DESCRIPTION | |
| Extent | 40 p. ; |
| Dimensions | 23 cm. |
| 490 0# - SERIES STATEMENT | |
| Series statement | The Response series |
| 504 ## - BIBLIOGRAPHY, ETC. NOTE | |
| Bibliography, etc. note | Bibliography: p. 40. |
| 610 20 - SUBJECT ADDED ENTRY--CORPORATE NAME | |
| Corporate name or jurisdiction name as entry element | Church of Jesus Christ of Latter-Day Saints |
| General subdivision | Controversial literature. |
| 650 #0 - SUBJECT ADDED ENTRY--TOPICAL TERM | |
| Topical term or geographic name entry element | Mormon Church |
| General subdivision | Controversial literature. |
| 740 ## - ADDED ENTRY--UNCONTROLLED RELATED/ANALYTICAL TITLE | |
| Uncontrolled related/analytical title | Latter-Day Saints. |
| 906 ## - LOCAL DATA ELEMENT F, LDF (RLIN) | |
| a | 7 |
| b | cbc |
| c | orignew |
| d | 1 |
| e | ocip |
| f | 19 |
| g | y-gencatlg |
| 942 ## - ADDED ENTRY ELEMENTS (KOHA) | |
| Source of classification or shelving scheme | Dewey Decimal Classification |
| Koha item type | Books |
| Withdrawn status | Lost status | Source of classification or shelving scheme | Damaged status | Not for loan | Collection code | Home library | Current library | Shelving location | Date acquired | Cost, normal purchase price | Total Checkouts | Full call number | Barcode | Date last seen | Price effective from | Koha item type |
|---|---|---|---|---|---|---|---|---|---|---|---|---|---|---|---|---|
| Dewey Decimal Classification | Non-fiction | Harvest Mission College | Harvest Mission College | General Stacks | 21.11.2018 | 320.00 | 230.93 K13H | 004285 | 21.11.2018 | 21.11.2018 | Books |
